Guatemala en la mira internacional /
Guardado en:
| Hovedforfatter: | |
|---|---|
| Format: | Texto |
| Sprog: | Spanish |
| Fag: | |
| Tags: |
Tilføj Tag
Ingen Tags, Vær først til at tagge denne postø!
|
MARC
| LEADER | 00000 a a2200000 04500 | ||
|---|---|---|---|
| 001 | 44521 | ||
| 003 | cru CIDCACS/IIS | ||
| 005 | 20230103114346.0 | ||
| 008 | 230103b |||||||| |||| 00| 0 spa d | ||
| 040 | |c cru CIDCACS/IIS | ||
| 100 | |a Molina, Raúl | ||
| 245 | 1 | |a Guatemala en la mira internacional / |c Raúl Molina | |
| 500 | |a Colección Centroamérica | ||
| 650 | |a DERECHOS HUMANOS | ||
| 650 | |a VIOLACION A LOS DERECHOS HUMANOS | ||
| 650 | |a JUSTICIA | ||
| 650 | |a GUATEMALA | ||
| 650 | |a PARTICIPACION SOCIAL | ||
| 650 | |a ORGANIZACIONES REVOLUCIONARIAS | ||
| 773 | |g volumen17, número22 ( , 1995), 13-15 | ||
| 773 | 0 | |0 42425 |9 8070 |d México, D.F. Noticias de Guatemala |o 05187 |t Noticias de Guatemala, NG / | |
| 942 | |2 ddc |c PP | ||
| 999 | |c 27468 |d 27468 | ||
